Přehled dějin města Přerova v době feudálních řádů /

Vkusně upravený tisk líčí v sedmi kapitolách historii města Přerova od počátků založení a období předhusitské, dobu husitskou, pak Přerov za vlády Pernštejnů a Žerotínů, za třicetileté války až ke konci feudálního řádu v 19.století. Uvádí též krátkou historii obcí připojených k Přerovu do roku 1954....

Celý popis

Hlavní autor: Hosák, Ladislav, 1898-1972
Jazyk: Čeština
Vydáno: Přerov : SMT :MNV, 1956
Témata:
Fyzický popis: 54 s., : [10] s. obr. příl. ; 8°
Knihy
Uloženo v:
LEADER 01783nam a22003732a 4500
001 001371248
003 CZ BrMZK
005 20140306130701.0
007 ta
008 140303s1956 xr a er|||||||||||cze d
015 |a cnb000680872 
035 |a (OCoLC)45793951 
040 |a ABA001  |b cze  |c OSA001  |d ABA001 
072 7 |a 930  |x Historická věda. Pomocné vědy historické. Archivnictví  |2 Konspekt  |9 8 
080 |a 930  |2 MRF 
080 |a 321.17+342.365  |2 MRF 
080 |a (0.027.6)  |2 MRF 
100 1 |a Hosák, Ladislav,  |d 1898-1972  |7 jk01042363  |4 aut 
245 1 0 |a Přehled dějin města Přerova v době feudálních řádů /  |c Ladislav Hosák ; dřevoryt Jan Willenberger 
260 |a Přerov :  |b SMT :  |b MNV,  |c 1956 
300 |a 54 s., :  |b [10] s. obr. příl. ;  |c 8° 
500 |a Pozn. 
500 |a Soukromý tisk k 700. výročí udělení městských práv Přerovu 
500 |a Vydáno 1000 číslovaných výtisků 
500 |a Bibliofilie 
500 |a Frontispis 
520 |a Vkusně upravený tisk líčí v sedmi kapitolách historii města Přerova od počátků založení a období předhusitské, dobu husitskou, pak Přerov za vlády Pernštejnů a Žerotínů, za třicetileté války až ke konci feudálního řádu v 19.století. Uvádí též krátkou historii obcí připojených k Přerovu do roku 1954. V samostatné příloze jsou otištěny reprodukce děl přerovských výtvarníků. 
650 0 7 |a historiografie  |7 ph114672  |z Česko  |2 czenas 
650 0 7 |a feudalismus  |7 ph120170  |2 czenas 
655 7 |a bibliofilie  |7 fd131893  |2 czenas 
910 |a BOA001  |b Bf2-0371.375 
990 |a BK 
991 |b 201402 
996 6 |b 2619621647  |c Bf2-0371.375  |l Stud. starých tisků/4.patro  |r Sklad / do násl. otevíracího dne  |n 0  |w 001406236  |u 000010  |a 1  |e BOA001  |j MZK50  |s P